Score 0/88 Timer 09:00
0 Plays Today
Year Name % Correct
2005Hurricane Katrina
90.9%
1992Hurricane Andrew
65.3%
2018Hurricane Michael
58.9%
2012Hurricane Sandy
58.3%
2017Hurricane Irma
55.3%
2017Hurricane Maria
54.7%
2017Hurricane Harvey
48.2%
2016Hurricane Matthew
45.2%
2011Hurricane Irene
41.8%
2018Hurricane Florence
41.7%
2017Hurricane Nate
38.9%
2005Hurricane Rita
34.3%
1989Hurricane Hugo
33.8%
1991Hurricane Bob
33.6%
1996Hurricane Fran
31.8%
2004Hurricane Ivan
29.2%
1979Hurricane David
28.4%
2016Hurricane Otto
27.1%
2008Hurricane Ike
25%
2015Tropical Storm Erika
24.7%
2013Hurricane Ingrid
23.2%
2015Hurricane Joaquin
23.1%
2005Hurricane Wilma
22.2%
1969Hurricane Camille
21.9%
1999Hurricane Floyd
21.3%
2003Hurricane Isabel
19.8%
1954Hurricane Carol
19.6%
1998Hurricane Mitch
16.6%
2005Hurricane Dennis
16.3%
2001Tropical Storm Allison
15.9%
Year Name % Correct
2004Hurricane Frances
15.6%
2003Hurricane Juan
15.5%
1985Hurricane Gloria
15.2%
1965Hurricane Betsy
14.9%
2004Hurricane Charley
14.7%
2008Hurricane Gustav
14.7%
1960Hurricane Donna
14.6%
1980Hurricane Allen
13.9%
1995Hurricane Opal
13.8%
1954Hurricane Hazel
13.5%
2001Hurricane Michelle
13.3%
1955Hurricane Diane
13.3%
1972Hurricane Agnes
12.6%
2005Hurricane Stan
12.2%
1988Hurricane Gilbert
12%
2004Hurricane Jeanne
12%
1954Hurricane Edna
11.9%
1988Hurricane Joan
11.9%
1998Hurricane Georges
11.9%
2007Hurricane Dean
11.6%
1955Hurricane Janet
11.4%
2007Hurricane Felix
11.3%
1979Hurricane Frederic
11.3%
1990Hurricane Diana
11.2%
1961Hurricane Carla
10.9%
1983Hurricane Alicia
10.8%
2001Hurricane Iris
10.3%
1957Hurricane Audrey
9.8%
1955Hurricane Connie
9.8%
2000Hurricane Keith
9.7%
Year Name % Correct
1995Hurricane Luis
9.2%
1964Hurricane Dora
8.9%
2008Hurricane Paloma
8.9%
1999Hurricane Lenny
8.7%
2007Hurricane Noel
8.7%
1974Hurricane Carmen
8.6%
1995Hurricane Marilyn
8.5%
1985Hurricane Elena
8.5%
2002Hurricane Lili
8.4%
1977Hurricane Anita
8.3%
1963Hurricane Flora
8.3%
1966Hurricane Inez
8.2%
1974Hurricane Fifi
8.2%
1967Hurricane Beulah
8.1%
1964Hurricane Hilda
8.1%
1961Hurricane Hattie
8%
1995Hurricane Roxanne
7.9%
2002Hurricane Isidore
7.7%
1996Hurricane Hortense
7.7%
1990Hurricane Klaus
7.5%
1955Hurricane Ione
7.5%
2003Hurricane Fabian
7.4%
1964Hurricane Cleo
7.3%
1975Hurricane Eloise
7.2%
1970Hurricane Celia
7.1%
1996Hurricane Cesar
6.8%
2010Hurricane Igor
6.6%
2010Hurricane Tomas
6.2%
Come Together.
Have Fun.
All Virtual.
We all need to come together. Play Sporcle's virtual live trivia to have fun, connect with people, and get your trivia on. Join a live hosted trivia game for your favorite pub trivia experience done virtually. If a virtual private party is more your thing, go here for details.

You're not logged in!

Compare scores with friends on all Sporcle quizzes.
OR
Log In

Sporcle TV

Today on Sporcle TV


Watch our educational content, quiz creation guides, and fun videos on Sporcle TV.

Show Comments

Extras

Top Quizzes Today


Score Distribution

Paid Content

Your Account Isn't Verified!

In order to create a playlist on Sporcle, you need to verify the email address you used during registration. Go to your Sporcle Settings to finish the process.

Report this User

Report this user for behavior that violates our Community Guidelines.

Details: